| 000 | 00542nam a22001817a 4500 | ||
|---|---|---|---|
| 005 | 20250704151817.0 | ||
| 010 | _aENG-145633 | ||
| 020 |
_c310.00 _a9788170175070 |
||
| 035 | _aEN-129165 | ||
| 037 | _bDBAD | ||
| 082 | _a126.22 | ||
| 100 |
_aRao Bhojha _982615 |
||
| 245 |
_aSelf-Knowledge Key To Happiness And Health/ _cK.Bhoja Rao |
||
| 260 |
_aNew Delhi _bShakti Malik Abhinav Publications |
||
| 270 |
_aE-37 Hauz Khas, New Delhi _bNew Delhi _e110016 |
||
| 300 |
_a206p. _c22.2cm(hb) |
||
| 942 |
_2ddc _cEN _h126.22 _mRAO |
||
| 999 |
_c212109 _d212109 |
||